Oskar Rózsa

Bibliographic Details
Main Author: Badín, Michal (Author)
Format: Article
Language:Slovak
PhysicalDescription:Fotogr.
ISSN:0862-8823
Subjects:

MARC

LEADER 00000nab a2200000 ar4500
001 vtls009478079
003 SK-MaSNL
005 20260303053902.0
008 090227c2009 xo sr|p|||||||000 b|slo
015 |a SNBRB2009/02  |2 snkbucl 
038 |a SNKBUCL 
040 |a SNKBUCL  |b slo  |c SNKBUCL  |e AACR2 
041 |a slo 
044 |a xo  |c SK 
080 |a 78.071.2  |2 1997 
080 |a 78.075  |2 1997 
100 1 |a Badín, Michal  |4 aut  |9 1035784 
245 1 0 |a Oskar Rózsa  |c Michal Badín 
300 |b Fotogr. 
600 1 7 |a Rózsa, Oskar,  |d 1974-  |2 snkbucl  |9 16315 
773 0 |t Slovenské národné noviny  |g Roč. 20 (24), č. 8 (2009), s. 5  |x 0862-8823 
852 |a SNK  |b KIS3GCP 
958 |a BX 
999 |c 1721041  |d 1722971